MARC 21 : Cataloging format for 21st century
Contents of material: 1/ What is MARC and why is it necessary? 2/ Types of MARC format and their disignation. 3/ MARC 21 formats: For the 21st century. 4/ Sample format of MARC 21 with example . 5/ UNIMARC to MARC 21 conversion specifications. 6/ MARC 21 format for authority data. 7/ MARC 21 format...
Zapisane w:
| 1. autor: | |
|---|---|
| Format: | Książka |
| Język: | Undetermined |
| Wydane: |
Darya Ganj, New Delhi
Ess Ess Publications
2004
|
| Hasła przedmiotowe: | |
| Etykiety: |
Dodaj etykietę
Nie ma etykietki, Dołącz pierwszą etykiete!
|
| Thư viện lưu trữ: | Trung tâm Học liệu Trường Đại học Cần Thơ |
|---|
| LEADER | 01039nam a2200229Ia 4500 | ||
|---|---|---|---|
| 001 | CTU_124807 | ||
| 008 | 210402s9999 xx 000 0 und d | ||
| 020 | |c 67.00 | ||
| 082 | |a 025.344 | ||
| 082 | |b A861 | ||
| 100 | |a Aswal, Rajendra Singh | ||
| 245 | 0 | |a MARC 21 : | |
| 245 | 0 | |b Cataloging format for 21st century | |
| 245 | 0 | |c Rajendra Singh Aswal | |
| 260 | |a Darya Ganj, New Delhi | ||
| 260 | |b Ess Ess Publications | ||
| 260 | |c 2004 | ||
| 520 | |a Contents of material: 1/ What is MARC and why is it necessary? 2/ Types of MARC format and their disignation. 3/ MARC 21 formats: For the 21st century. 4/ Sample format of MARC 21 with example . 5/ UNIMARC to MARC 21 conversion specifications. 6/ MARC 21 format for authority data. 7/ MARC 21 format for bibliographic record. 8/ MARC 21 format for holding data. | ||
| 650 | |a Library science,Machine-readable cataloguing,Mục lục máy đọc được | ||
| 650 | |x Khoa học Thư viện | ||
| 904 | |i Minh | ||
| 980 | |a Trung tâm Học liệu Trường Đại học Cần Thơ | ||